000 01034nam a2200241 i 4500
001 bg
100 1 _aROMAN, Marek
245 1 0 _aStandardy jakości i ochrony śródlądowych wód powierzchniowych w przepisach Unii Europejskiej i w przepisach polskich /
_cMarek Roman.
260 _aWarszawa :
_bWydawnictwa Zarządu Głównego PZITS,
_c1998.
300 _a93 s. ;
_c24 cm.
490 1 _aMonografie / Polskie Zrzeszenie Inżynierów i Techników Sanitarnych. Wodociągi i Kanalizacja ;
_vnr 1
504 _aBibliogr. s. 88-93.
650 9 _aWody śródlądowe
_xhigiena i ochrona
_xprawo
_zPolska
_ystan na 1998 r.
650 9 _aWody śródlądowe
_xhigiena i ochrona
_xprawo wspólnotowe europejskie
_ystan na 1998 r.
830 0 _aMonografie (Polskie Zrzeszenie Inżynierów i Techników Sanitarnych).
_pWodociągi i Kanalizacja
020 _a8390659174
040 _cBPK
041 0 _apl
080 _a349.6:628.1:504.4.054](438+4-67)
920 _a83-906591-7-4
942 _cKS
008 s pl f |000 0 pol
999 _c34010
_d34010
856 _uhttp://koha.tu.koszalin.pl/cgi-bin/koha/opac-detail.pl?biblionumber=34010
_yKatalog online BPK